000 02041cam a22004454i 4500
003 PE-LiUPU
005 20250731172811.0
008 150617s r 000 0 d
035 _a(Sirsi) a13515
040 _aPE-LiUPU
_bspa
_cPE-LiUPU
_erda
049 _aPRUA
082 0 4 _a235.47
_bB28
_221
245 1 0 _aSatán /
_cBazín Germain y otros 32 colaboradores.
264 1 _aParís :
_bDesclée De Brouwer,
_c1948.
300 _a666 páginas ;
_c22 centímetros.
336 _atext
_2rdacontent
337 _aunmediated
_2rdamedia
338 _avolume
_2rdacarrier
490 0 _a(Etudes Carmélitaines)
505 0 _aExistence. Ange ou béte?. Un ange déchu, un ange pourtant. Du péché de satán et de la destinée de l'esprit. Le démon dans l'oeuvre de saint Jean de la Croix. Sainte Thérése de Jésus et démon. -Histoire. L'Adversaire du Dieu. -Le diable et la conversion des païens. Note sur dualisme Mazdéen. Le prince des ténébres en son royaune. Les Yezidis du Mont Sindjar "adorateurs d'Iblis. -Aspects. Réflexions sur Satán en marge de la tradition Judéo-Chrétienne. -Répression. Les démoniaques dans P'Evangile. L'exorciste devant les manifestations diaboliques. La civilisation chrétienne du XVI siécle devant le probléme satanique. Les confessions d'une possédée, Jeanne Fery (1584-1585). La confession de Boullan. -Thérapeutique. Le diable chez l'enfant. Satan, Serpent, Scorpion.
526 _aSEG42
526 _aSEG41
526 _aSEG40
526 _aSEG39
526 _aP94
526 _aP87
526 _aP86
526 _aP85
526 _aP77
526 _aP76
526 _aP35
650 1 0 _aDiablo
_xCristianismo.
_94166
650 2 4 _aDiablo en el arte
_94167
650 2 0 _aDiablo en la literatura
_94168
910 _ajck
942 _2ddc
_cBK
949 _a235.47 B28
_wDEWEY
_c1
_i15369
_lCCODEBUL1
_mBUL
_p00.00
_r0
_sY
_tBOOK
_u19770818
_xTEOLOGIA
_0COMPRA
_o.STAFF. Colección General
980 _81
_gALBERTO SANCHEZ Responsable de Automatización
999 _c3891
_d3891